000 00452pab a2200169 454500
008 180718b2018 xxu||||| |||| 00| 0 eng d
100 _aSharma, Anupam
245 _aComparative study to determine impact of patent filing on growth of the country
260 _c2018
300 _ap.441-448.
362 _aJan-Mar
650 _aEconomic development
650 _aPatents
700 _aSingla, Kartik
773 _aProductivity
909 _a117289
999 _c117283
_d117283